| 000 | 00728cam a2200205 4500 | ||
|---|---|---|---|
| 001 | ABS62888 | ||
| 008 | 000000n2000 000 0 eng u | ||
| 035 | _a(Sirsi) u108739 | ||
| 245 | _aSpecial report 2000: IT Trends | ||
| 260 | _c2000 | ||
| 490 |
_aEstates Gazette _v(0040) 7 october 2000, 129-147(7) |
||
| 520 | _aSpecial feature looking at IT trends and property. Covers differing use of the Internet in the UK and the US, virtual reality software and a preview of the Property Computer Show 2000. | ||
| 590 | _aABS | ||
| 650 | _aINTERNET | ||
| 650 | _aVIRTUAL REALITY | ||
| 650 | _aONLINE SERVICES | ||
| 650 | _aDISINTERMEDIATION | ||
| 690 | _aMANAGEMENT-BUSINESS MANAGEMENT-INFORMATION MANAGEMENT | ||
| 942 | _n0 | ||
| 999 |
_c64916 _d64916 |
||